000 00392nam a22001577a 4500
003 MPLRDC
005 20220104114555.0
008 210129b ||||| |||| 00| 0 eng d
082 _a857.63 CKL v.190 c.2*
100 _a岑凯伦著
245 _a野玫瑰与郁金香
_c
260 _a
_b环球图书杂志出版社
_c1995
300 _b
650 _a
942 _cBK
_o857.63 CKL v.190 c.2*
999 _c8539
_d8529